Managing stress : (Record no. 69839)

000 -LEADER
fixed length control field 00877cam a2200289 a 4500
001 - CONTROL NUMBER
control field 532288
003 - CONTROL NUMBER IDENTIFIER
control field NUST - PNEC
005 - DATE AND TIME OF LATEST TRANSACTION
control field 20170116181128.0
008 - FIXED-LENGTH DATA ELEMENTS--GENERAL INFORMATION
fixed length control field 870415s1987 vaua 001 0 eng
010 ## - LIBRARY OF CONGRESS CONTROL NUMBER
LC control number 87010018
020 ## - INTERNATIONAL STANDARD BOOK NUMBER
International Standard Book Number 0809461714
020 ## - INTERNATIONAL STANDARD BOOK NUMBER
International Standard Book Number 0809461722 (lib. bdg.)
040 ## - CATALOGING SOURCE
Original cataloging agency DLC
Transcribing agency LIBRARY
Modifying agency DLC
050 00 - LIBRARY OF CONGRESS CALL NUMBER
Classification number BF575.S75
Item number M32 1987
082 00 - DEWEY DECIMAL CLASSIFICATION NUMBER
Classification number 155.9 CON
100 ## - MAIN ENTRY--PERSONAL NAME
9 (RLIN) 13801
Personal name Constable, George
245 00 - TITLE STATEMENT
Title Managing stress :
Remainder of title from morning to night.
Statement of responsibility, etc. George Constable
260 ## - PUBLICATION, DISTRIBUTION, ETC.
Place of publication, distribution, etc. Alexandria, Va. :
Name of publisher, distributor, etc. Time-Life Books,
Date of publication, distribution, etc. 1987.
300 ## - PHYSICAL DESCRIPTION
Extent 144 p. :
Other physical details col. ill. ;
Dimensions 26 cm.
440 #0 - SERIES STATEMENT/ADDED ENTRY--TITLE
Title Fitness, health & nutrition
500 ## - GENERAL NOTE
General note Includes index.
650 #0 - SUBJECT ADDED ENTRY--TOPICAL TERM
Topical term or geographic name entry element Stress (Psychology)
General subdivision General
650 #0 - SUBJECT ADDED ENTRY--TOPICAL TERM
Topical term or geographic name entry element Stress (Physiology)
General subdivision Prevention.
710 2# - ADDED ENTRY--CORPORATE NAME
Corporate name or jurisdiction name as entry element Time-Life Books.
906 ## - LOCAL DATA ELEMENT F, LDF (RLIN)
a 7
b cbc
c orignew
d 1
e ocip
f 19
g y-gencatlg
942 ## - ADDED ENTRY ELEMENTS (KOHA)
Source of classification or shelving scheme
Koha item type Book
Holdings
Withdrawn status Lost status Source of classification or shelving scheme Damaged status Not for loan Permanent Location Current Location Shelving location Date acquired Total Checkouts Full call number Barcode Date last seen Price effective from Koha item type
          Pakistan Navy Engineering College (PNEC) Pakistan Navy Engineering College (PNEC)       155.9 CON PNECLIB-016027 10/06/2015   Book
© 2023 Central Library, National University of Sciences and Technology. All Rights Reserved.